Responses for Show #305 - Friday, November 8, 1985

Harvey Becker game 4.
Game entered from audiorecording. Missing prizes.

Contestants

[<< previous game]

Elizabeth Kirby, a homemaker originally from San Diego, California

Tim Hedges, a media specialist from Vancouver, Washington

Harvey Becker, an attorney turned writer from Old Bridge, New Jersey (whose 3-day cash winnings total $50,800)

[next game >>]

Jeopardy! Round responses

ZOOLOGY
TRUCKS
THE BEATLES
SCANDALS
SITCOMS
"FRONT" RUNNER
    $100 16
a herbivore

Harvey
    $100 7
Mack

Tim
    $100 1
[Harvey selected the first category and clue using a Liverpool accent which Alex duplicated when confirming the selection.]

the Maharishi (Mahesh Yogi)

Harvey
    $100 6
Watergate

Tim
    $100 25
Elaine Nardo

Harvey
    $100 17
an affront

Tim
    $200 18
(Alex: When you're hungry, you're hungry.)
[Laughter]

a banana

Tim
    $200 8
a lorry

Elizabeth
    $200 2
George Harrison

Elizabeth
    $200 12
Philadelphia

Harvey
    $200 21
Frontline

Tim
    $300 19
(Elizabeth: What is an angelfish?)
(Harvey: What is a goldfish?)
...
(Alex: Let me see if I give you the name if that would help you; it was discovered by the Reverend R.J. Lechmere [*].)
[Laughter and groans]

guppy

HarveyElizabeth
Triple Stumper
    $300 9
Dodge

Tim
    $300 3
"I Want To Hold Your Hand"

Elizabeth
    $300 13
ABSCAM

Elizabeth
    $300 27
[The end-of-round signal sounds.]

"You'll never get rich"

Tim
    $300 22
(Alex: We've got less than a minute to go in the round.)

Frontierland

Triple Stumper
    $400 20
(Elizabeth: What are ruminants?)

the carbohydrates

Elizabeth
Triple Stumper
    $400 10
an 18-wheeler

Tim
    $400 4
Pete Best

Harvey
    $400 14
(Alex: Former Miss America.)

Vanessa Williams

Harvey
    $400 26
(Alex: You remembered a little too late there, Elizabeth.)

Elinor Donahue

Triple Stumper
    $400 23
a frontispiece

Harvey
    $500 11
(Tim: What is "Three Days Out Of Memphis"?)
[The song was not reprised going into the break.]

"Six Days On The Road"

Tim
    $500 5
Paul McCartney

Harvey
    $500 15
the Teapot Dome Scandal

Tim
    $500 24
Georgia Frontiere

Tim

Scores at the first commercial break (after clue 11):

Harvey Tim Elizabeth
$1,000 $400 $700

Scores at the end of the Jeopardy! Round:

Harvey Tim Elizabeth
$1,900 $2,200 $300

Double Jeopardy! Round responses

ABRAHAM LINCOLN
DATED FILMS
TRIOS
THE VIETNAM WAR
PLAYWRIGHTS
ODDS & ENDS
    $200 5
Honest Abe

Tim
    $200 21
1984

Tim
    $200 26
Manny, Moe & Jack

Harvey
    $200 15
Bob Hope

Harvey
    $200 10
Miller

Elizabeth
    $200 1
(contract) bridge

Harvey
    $400 6
Mary Todd Lincoln

Harvey
    $400 22
Friday the 13th

Harvey
    $400 27
lights, camera & action

Harvey
    $400 16
the Ho Chi Minh Trail

Tim
    $400 11
Noel Coward

Harvey
    $400 2
the Holy Grail

Harvey
    $600 7
(Elizabeth: What is Illinois?)

Kentucky

TimElizabeth
    $600 23
(Alex: We've got about a minute to go in the round.)

1941

Tim
    $600 28
Crosby, Stills & Nash

Harvey
    $600 17
1985

Harvey
    $600 12
(Harvey: Who is Pirandelli?)
(Alex: Correct--No!)

Luigi Pirandello

Harvey
Triple Stumper
    $600 3
(Harvey: Who is Harvey Goodyear?)
(Tim: Who is Goodrich?)
...
(Alex: Harvey knows.)
(Harvey: Who is Harvey Firestone?)

Charles Goodyear

HarveyTim
Triple Stumper
    $1,000 8
(Tim: Who was Frémont?)

(1 of) John Breckinridge, Douglas or George McClellan

Tim
    $800 24
(Alex: The year we make contact.)

2010

Harvey
    $800 29
lock, stock & barrel

Triple Stumper
    $800 18
Eisenhower

Elizabeth
    $800 13
(Elizabeth: Who is Aeschylus?)

Aristophanes

Elizabeth
Triple Stumper
    $800 4
Van Dyke

Tim
    $1000 9
the Whigs

Harvey
    $1000 25
Saturday Night and Sunday Morning

Triple Stumper
    $1000 30
(Alex: I got a chance to sing this year, isn't that terrific?)
[Laughter]

baubles, bangles & bright, shiny beads

Triple Stumper
    $1,000 19
(Elizabeth: Who are the French and the Australians?)

(2 of) the Australians, the New Zealanders, the Philippines, South Korea or Thailand

Elizabeth
    $1000 14
(John) Osborne

Harvey
    $1000 20
(rock) salt

Tim

Scores at the end of the Double Jeopardy! Round:

Harvey Tim Elizabeth
$7,300 $4,400 -$1,100

[wagering suggestions for these scores]

Final Jeopardy! Round responses

MISS AMERICA
(Alex: 6 from [*], 5 from Pennsylvania & Ohio, New York--maybe 3 or 4.)
TimWhat is New York?
$4,400
HarveyWhat is New York?
$2,700
California

Final scores:

Harvey Tim Elizabeth
$4,600 $0 -$1,100
4-day champion: $55,400 2nd place: trip to Trinidad 3rd place

Game dynamics:

Coryat scores:

Harvey Tim Elizabeth
$7,300 $5,900 -$100
21 R,
3 W
17 R,
3 W
(including 2 DDs)
6 R,
5 W
(including 1 DD)

Combined Coryat: $13,100

[game clues] [game scores] [suggest correction]

Game tape date: 1985-08-12
The J! Archive is created by fans, for fans. Scraping, republication, monetization, and malicious use prohibited; this site may use cookies and collect identifying information. See terms. The Jeopardy! game show and all elements thereof, including but not limited to copyright and trademark thereto, are the property of Jeopardy Productions, Inc. and are protected under law. This website is not affiliated with, sponsored by, or operated by Jeopardy Productions, Inc. Join the discussion at JBoard.tv.